Shoot From The Hip: The Grape Depression - Statistics

General Stats
  • This quiz has been taken 20 times
  • The average score is 8 of 15
Answer Stats
Hint Answer % Correct
11. Bene, meaning Good
94%
3. Used to be a little wooden boy Pinocchio
94%
15. Its the end of this horrible harvest, the end of the... Grape Depression
69%
12. Volent, meaning The giver of voles
69%
6. Can only grand life once Allesandra The Blue Fairy
63%
2. The man who owns all the land Don Vincenzio
56%
14. Who's getting into personal branding? You-know-cchio
56%
4. Dad of 3 and 5 Gepetto
50%
8. How much money 4 loans from 2? A 1000 a lira
38%
13. What happens when you kill a boy? He's dead
38%
1. Where the story takes place Island of Sicily
38%
7. It's the year of our lord... 1925
31%
9. What does 2 want from 4 in return? A little wooden boy
31%
10.The grandmother of 3 and 5 was a? Malevolent benevolent woman
31%
5. Said yes to the fairy Maria Clarissio
19%
No matching quizzes found
Score Distribution
Percent of People with Each Score
Percentile by Number Answered
Your Score History
You have not taken this quiz